|
|
|
|
| LEADER |
00000cam a2200000 a 4500 |
| 001 |
vtls001108513 |
| 003 |
SK-MaSNL |
| 005 |
20260302055100.0 |
| 008 |
240315s1980 xo a e n 00000 slo |
| 015 |
|
|
|a SNBA1980
|
| 020 |
|
|
|q (brož.)
|
| 035 |
|
|
|a SNK000051355
|
| 040 |
|
|
|a SNK
|b slo
|c SNK
|e AACR2
|
| 041 |
0 |
|
|a slo
|
| 044 |
|
|
|a xo
|c SK
|
| 080 |
|
|
|a 621.9.01-523(075.8)
|2 1981
|
| 100 |
1 |
|
|a Šimulák, Ján
|4 aut
|9 506945
|
| 245 |
1 |
0 |
|a Číslicovo riadené obrábacie stroje
|c Ján Šimulák
|
| 250 |
|
|
|a 1. vyd.
|
| 260 |
|
|
|a Bratislava
|b Alfa
|c 1980
|
| 300 |
|
|
|a 267 s., 1 sch. príl.
|b sch.
|c 29 cm
|
| 366 |
|
|
|e 400 výt.
|
| 490 |
1 |
|
|a Dočasná vysokoškolská učebnica
|
| 500 |
|
|
|a Pre VŠD v Žiline
|
| 504 |
|
|
|a Bibliogr.
|
| 650 |
0 |
7 |
|a obrábacie stroje
|2 SNKPH
|9 66686
|
| 650 |
0 |
7 |
|a riadenie
|2 SNKPH
|9 924
|
| 650 |
0 |
7 |
|a NC stroje
|2 SNKPH
|9 67329
|
| 655 |
|
7 |
|a učebnice vysokých škôl
|2 SNKPH
|9 70191
|
| 710 |
2 |
|
|a Vysoká škola dopravná v Žiline
|4 pbl
|9 166701
|
| 810 |
2 |
|
|a Vysoká škola dopravná v Žiline
|t Vysokoškolské učebnice
|9 279394
|
| 830 |
|
0 |
|a Dočasná vysokoškolská učebnica
|9 279156
|
| 958 |
|
|
|a OND
|
| 958 |
|
|
|a NB
|
| 958 |
|
|
|a TL
|
| 958 |
|
|
|a UV
|
| 999 |
|
|
|c 1115921
|d 1117851
|
| 952 |
|
|
|t P60, <04>, [BOOK], {604}
|a SNK
|b SNK
|y VYP
|7 0
|p 17A0259879
|o snkSB 29909 D1
|i snkKSP 3859/80
|0 0
|1 0
|4 0
|d 2000-11-24
|l 0
|r 2004-12-31 00:00:00
|w 2026-02-24
|
| 952 |
|
|
|a SNK
|b SNK
|y PREZ
|7 0
|p 17A0987434
|o snkSB 29909
|i snkKSP 3858/80
|0 0
|1 0
|4 0
|d 2012-07-30
|f 1
|l 0
|r 2025-04-02 00:00:00
|w 2026-02-24
|